00959nam a2200301 4500952012000000999001700120001000800137003000400145005001700149008004100166010001700207015001500224020001500239040001900254050002300273082001800296100003400314245006300348260002700411300001100438350001100449490003800460500002000498504003200518610002000550906004500570942004200615 00102ddc40708LAWaMESbMEScLAWd2019-02-20l0o341.23 ELM/Up20330r2019-02-20 00:00:00w2019-02-20yBKzGL9R4 c20385d203851256121OSt20200608133556.0731011s1973 enka b 001 0 eng  a 73168544  aGB73-15148 a0571102271 aDLCcoclcdDLC00aJX1977b.E46 1973b00a341.23bELM/U aElmandjra, Mahdid1933-9263214aThe United Nations system:ban analysis /cMahdi Elmandjra aLondon,bFaber,c1973. a368 p. a£6.000 aStudies in international politics aIncludes index. aBibliography: p. [344]-352.20aUnited Nations. a7bcbccorignewd3encipf19gy-gencatlg 2ddccBKh341.23iELM/Uk341.23mELM/U